[Event "CZE-chT2F 2223"]
[Site "Czech Republic"]
[Date "2023.03.26"]
[Round "11"]
[White "Lojek, Marek"]
[Black "Senkyr, Martin"]
[Result "1/2-1/2"]
[WhiteElo "2143"]
[BlackElo "2109"]
[PlyCount "69"]
[EventDate "2022.10.16"]
[EventType "team-tourn"]
[EventRounds "11"]
[EventCountry "CZE"]
[SourceTitle "EXT 2024"]
[Source "ChessBase"]
[SourceDate "2023.10.10"]
[SourceVersion "1"]
[SourceVersionDate "2023.10.10"]
[SourceQuality "1"]
[WhiteTeam "Orlova Slavia II"]
[BlackTeam "Zlin"]
[WhiteTeamCountry "CZE"]
[BlackTeamCountry "CZE"]

1. e4 c5 2. Nf3 e6 3. g3 a6 4. Bg2 Qc7 5. 0-0 d6 6. a4 b6 7. Nc3 Bb7 8. d4 cxd4 9. Nxd4 Nf6 10. Be3 Nbd7 11. Nb3 Be7 12. h3 Ne5 13. Nd2 0-0 14. f4 Ned7 15. Qe2 Rac8 16. Kh2 Qb8 17. Rae1 Qa8 18. Bg1 Bd8 19. g4 Ne8 20. g5 e5 21. Qh5 exf4 22. Rxf4 Ne5 23. Ref1 Qb8 24. Rh4 h6 25. Be3 d5 26. Kh1 Ng6 27. Rg4 hxg5 28. Bxg5 Nf6 29. Bxf6 Bxf6 30. exd5 Bxc3 31. bxc3 Qe5 32. Qxe5 Nxe5 33. Rb4 Rxc3 34. Rxb6 Bc8 35. Nf3 1/2-1/2

[Event "CZE-chT2E 1920"]
[Site "Czech Republic"]
[Date "2019.12.15"]
[Round "5.5"]
[White "Senkyr, Martin"]
[Black "Navratilik, Pavel"]
[Result "1-0"]
[WhiteElo "2098"]
[BlackElo "2058"]
[PlyCount "59"]
[EventDate "2019.10.13"]
[EventType "team-tourn"]
[EventRounds "11"]
[EventCountry "CZE"]
[SourceTitle "EXT 2024"]
[Source "ChessBase"]
[SourceDate "2023.10.10"]
[SourceVersion "1"]
[SourceVersionDate "2023.10.10"]
[SourceQuality "1"]
[WhiteTeam "Zlin"]
[BlackTeam "Kromeriz Slavia II"]
[WhiteTeamCountry "CZE"]
[BlackTeamCountry "CZE"]

1. e4 c5 2. Nf3 d6 3. c3 Nf6 4. Bd3 Nc6 5. Bc2 g6 6. h3 Bg7 7. 0-0 0-0 8. d3 b5 9. a3 Qc7 10. Bg5 h6 11. Be3 Ne5 12. Nh2 g5 13. f4 gxf4 14. Rxf4 d5 15. Nd2 Rd8 16. d4 cxd4 17. cxd4 Ng6 18. Rf2 Bxh3 19. Rc1 Rac8 20. e5 Be6 21. exf6 Bxf6 22. Ndf1 Kg7 23. Bxg6 Qxc1 24. Bxc1 fxg6 25. Be3 h5 26. Nf3 Bf5 27. Ne5 Bh4 28. Rxf5 gxf5 29. Qxh5 Rc6 30. Qxh4 1-0

[Event "CZE-chT1E 1718"]
[Site "Czech Republic"]
[Date "2018.03.04"]
[Round "9.3"]
[White "Senkyr, Martin"]
[Black "Mrva, Marek"]
[Result "1-0"]
[WhiteElo "2123"]
[BlackElo "2223"]
[PlyCount "71"]
[EventDate "2017.10.22"]
[EventType "team-tourn"]
[EventRounds "11"]
[EventCountry "CZE"]
[SourceTitle "EXT 2019"]
[Source "ChessBase"]
[SourceDate "2018.10.10"]
[SourceVersion "1"]
[SourceVersionDate "2018.10.10"]
[SourceQuality "1"]
[WhiteTeam "Hostalkova"]
[BlackTeam "Ostrava"]
[WhiteTeamCountry "CZE"]
[BlackTeamCountry "CZE"]

1. Nf3 Nf6 2. g3 c5 3. Bg2 Nc6 4. 0-0 e5 5. d3 d6 6. e4 Be7 7. c3 0-0 8. Nh4 Ne8 9. Nf5 Bf6 10. f4 Ne7 11. g4 exf4 12. Nxe7+ Qxe7 13. Bxf4 Nc7 14. Na3 Ne6 15. Bg3 Be5 16. Nc4 Bxg3 17. hxg3 Nd8 18. d4 Nc6 19. Rf4 Bd7 20. Qd2 Rad8 21. b4 cxd4 22. cxd4 f6 23. Ne3 Be8 24. b5 Nb8 25. Nd5 Qe6 26. Qa5 Qd7 27. g5 b6 28. Qd2 fxg5 29. Rxf8+ Kxf8 30. Qxg5 Bf7 31. Bh3 h6 32. Qh4 Qe8 33. Rf1 Kg8 34. Nc7 Qf8 35. Be6 g5 36. Qg4 1-0

[Event "CZE-chT2E 1718"]
[Site "Czech Republic"]
[Date "2018.01.28"]
[Round "7.5"]
[White "Senkyr, Martin"]
[Black "Vitula, Jan"]
[Result "1-0"]
[WhiteElo "2123"]
[BlackElo "1962"]
[PlyCount "57"]
[EventDate "2017.10.15"]
[EventType "team-tourn"]
[EventRounds "11"]
[EventCountry "CZE"]
[SourceTitle "EXT 2022"]
[Source "ChessBase"]
[SourceDate "2021.10.06"]
[SourceVersion "1"]
[SourceVersionDate "2021.10.06"]
[SourceQuality "1"]
[WhiteTeam "Zlin"]
[BlackTeam "Kurim"]
[WhiteTeamCountry "CZE"]
[BlackTeamCountry "CZE"]

1. e4 c5 2. Nf3 g6 3. d4 cxd4 4. Nxd4 Bg7 5. Be3 Nc6 6. Nc3 d6 7. Qd2 Bd7 8. Bc4 Qa5 9. Bb3 Nf6 10. f3 0-0 11. 0-0-0 Rac8 12. h4 Ne5 13. Kb1 Nc4 14. Bxc4 Rxc4 15. h5 Rfc8 16. hxg6 fxg6 17. Nb3 Qd8 18. Bd4 a5 19. Bxf6 Bxf6 20. Qd5+ Kg7 21. Rxh7+ Kxh7 22. Qf7+ Kh6 23. Rh1+ Kg5 24. f4+ Kxf4 25. Qxg6 Rxc3 26. Rf1+ Ke3 27. Rf3+ Ke2 28. Nc1+ Ke1 29. Qg3+ 1-0

[Event "CZE-chT1E 1718"]
[Site "Czech Republic"]
[Date "2017.12.10"]
[Round "4.6"]
[White "Mudrak, Josef"]
[Black "Senkyr, Martin"]
[Result "1-0"]
[WhiteElo "2256"]
[BlackElo "2123"]
[PlyCount "67"]
[EventDate "2017.10.22"]
[EventType "team-tourn"]
[EventRounds "11"]
[EventCountry "CZE"]
[SourceTitle "EXT 2019"]
[Source "ChessBase"]
[SourceDate "2018.10.10"]
[SourceVersion "1"]
[SourceVersionDate "2018.10.10"]
[SourceQuality "1"]
[WhiteTeam "Kromeriz"]
[BlackTeam "Hostalkova"]
[WhiteTeamCountry "CZE"]
[BlackTeamCountry "CZE"]

1. d4 Nf6 2. Nf3 e6 3. c4 b6 4. g3 Bb7 5. Bg2 d5 6. Ne5 Be7 7. Qa4+ c6 8. cxd5 exd5 9. Nc3 0-0 10. 0-0 b5 11. Qb3 Nbd7 12. e4 Nxe4 13. Nxe4 dxe4 14. Bxe4 Nxe5 15. dxe5 Qd4 16. Re1 Bb4 17. Re2 Kh8 18. Bf4 Rad8 19. Qf3 f6 20. e6 Qc4 21. Bf5 Rd5 22. Rc1 Qxa2 23. Bb1 Qa4 24. Bc2 Qa5 25. Be4 Rc5 26. Rxc5 Bxc5 27. Qh5 f5 28. Bxf5 Rxf5 29. Qxf5 Be7 30. Qe5 Qd8 31. Rd2 Qf8 32. Qc7 Bc8 33. Bd6 Bxd6 34. Rxd6 1-0

[Event "CZE-chT2E 1617"]
[Site "Czech Republic"]
[Date "2016.12.11"]
[Round "5.3"]
[White "Bosak, Jan"]
[Black "Senkyr, Martin"]
[Result "1-0"]
[WhiteElo "2126"]
[BlackElo "2134"]
[PlyCount "175"]
[EventDate "2016.09.10"]
[EventType "team-tourn"]
[EventRounds "11"]
[EventCountry "CZE"]
[SourceTitle "EXT 2022"]
[Source "ChessBase"]
[SourceDate "2021.10.06"]
[SourceVersion "1"]
[SourceVersionDate "2021.10.06"]
[SourceQuality "1"]
[WhiteTeam "Vsetin"]
[BlackTeam "Brno Duras II"]
[WhiteTeamCountry "CZE"]
[BlackTeamCountry "CZE"]

1. c4 Nf6 2. Nc3 e6 3. e4 d6 4. d4 Be7 5. Nf3 0-0 6. Be2 c5 7. 0-0 cxd4 8. Nxd4 a6 9. Bg5 Qc7 10. Rc1 b6 11. f3 Nbd7 12. Qd2 Bb7 13. Rfd1 Rac8 14. Qe1 Kh8 15. Qf2 Qb8 16. Kh1 Ng4 17. fxg4 Bxg5 18. Rc2 Ne5 19. b3 Qc7 20. Bf3 Bf6 21. Qg3 Ng6 22. g5 Be5 23. Qf2 Ba8 24. g3 Qe7 25. h4 f6 26. h5 Bxd4 27. Qxd4 Ne5 28. Bg2 Qe8 29. g6 Rc6 30. Na4 b5 31. Nb6 Bb7 32. c5 dxc5 33. Rxc5 hxg6 34. h6 gxh6 35. Rxe5 fxe5 36. Qxe5+ Kg8 37. Nd7 Qd8 38. Bh3 Rf5 39. Bxf5 exf5 40. Nf6+ Qxf6 41. Qb8+ Bc8 42. e5 Qe7 43. e6 Rxe6 44. Qxc8+ Kf7 45. Rd7 h5 46. Rxe7+ Kxe7 47. Qc5+ Kf6 48. Qc3+ Kf7 49. Qf3 Re4 50. Kg2 h4 51. gxh4 Kf6 52. Qc3+ Kf7 53. Qc7+ Re7 54. Qc2 Re4 55. Kg3 Rg4+ 56. Kf3 Re4 57. Qc8 Re6 58. Qd8 Re4 59. Qd5+ Kf6 60. Qd6+ Re6 61. Qd8+ Kf7 62. Qg5 Rd6 63. h5 gxh5 64. Qxh5+ Kf6 65. Qh8+ Ke6 66. Kf4 Kd7 67. Qg7+ Kc6 68. Kxf5 Kb6 69. Ke5 Rc6 70. Qf8 Rc5+ 71. Kd4 Rc7 72. Qb8+ Rb7 73. Qd8+ Ka7 74. Kc5 b4 75. Kc6 Rb5 76. Qe7+ Ka8 77. a3 bxa3 78. Qxa3 Ka7 79. Qe7+ Ka8 80. Qd8+ Ka7 81. Qd7+ Ka8 82. Qd3 Ka7 83. Qxb5 axb5 84. Kxb5 Kb8 85. Kb6 Ka8 86. b4 Kb8 87. b5 Ka8 88. Kc7 1-0

[Event "CZE-chT1E 1516"]
[Site "Czech Republic"]
[Date "2016.02.28"]
[Round "9.5"]
[White "Zabystrzan, Pavel"]
[Black "Senkyr, Martin"]
[Result "1/2-1/2"]
[WhiteElo "2305"]
[BlackElo "2177"]
[PlyCount "75"]
[EventDate "2015.10.11"]
[EventType "team-tourn"]
[EventRounds "11"]
[EventCountry "CZE"]
[SourceTitle "EXT 2017"]
[Source "ChessBase"]
[SourceDate "2016.10.25"]
[SourceVersion "1"]
[SourceVersionDate "2016.10.25"]
[SourceQuality "1"]
[WhiteTeam "Orlova Slavia"]
[BlackTeam "Zlin"]
[WhiteTeamCountry "CZE"]
[BlackTeamCountry "CZE"]

1. Nf3 Nf6 2. g3 g6 3. b3 Bg7 4. Bg2 0-0 5. Bb2 d6 6. d4 c6 7. 0-0 Qc7 8. c4 Bf5 9. Nc3 Ne4 10. Nh4 Nxc3 11. Bxc3 Bg4 12. h3 Bd7 13. Qd2 Na6 14. Rfd1 Rad8 15. Rac1 Qc8 16. Kh2 Qb8 17. Nf3 Nc7 18. e4 Ne8 19. e5 Nc7 20. Qe3 d5 21. Ne1 f5 22. f4 Be6 23. Bb4 Rd7 24. Nd3 b6 25. Ba3 a5 26. Qf2 Rfd8 27. cxd5 Bxd5 28. Bxd5+ cxd5 29. Rc2 Nb5 30. Bb2 Rc8 31. Rdc1 Rdc7 32. a4 Na7 33. Ba3 Kf7 34. Rxc7 Rxc7 35. Rxc7 Qxc7 36. Qd2 Qc8 37. Qc1 Qxc1 38. Nxc1 1/2-1/2

[Event "CZE-chT2E 1516"]
[Site "Czech Republic"]
[Date "2016.02.07"]
[Round "7.3"]
[White "Kratochvil, Josef"]
[Black "Senkyr, Martin"]
[Result "1/2-1/2"]
[WhiteElo "2268"]
[BlackElo "2154"]
[PlyCount "103"]
[EventDate "2015.10.18"]
[EventType "team-tourn"]
[EventRounds "11"]
[EventCountry "CZE"]
[SourceTitle "EXT 2022"]
[Source "ChessBase"]
[SourceDate "2021.10.06"]
[SourceVersion "1"]
[SourceVersionDate "2021.10.06"]
[SourceQuality "1"]
[WhiteTeam "Lipovec Garde"]
[BlackTeam "Brno Duras II"]
[WhiteTeamCountry "CZE"]
[BlackTeamCountry "CZE"]

1. c4 Nf6 2. Nc3 g6 3. g3 Bg7 4. Bg2 0-0 5. d3 c5 6. Bg5 Nc6 7. Qd2 d6 8. Bh6 Nd4 9. Rc1 Nf5 10. Bxg7 Nxg7 11. Nf3 Rb8 12. a3 b6 13. b4 Ne6 14. Nd5 Nxd5 15. cxd5 Ng7 16. bxc5 bxc5 17. d4 Rb3 18. dxc5 dxc5 19. 0-0 Qd6 20. e4 Ba6 21. Rfd1 Rxa3 22. Qh6 f6 23. e5 Qd8 24. exf6 exf6 25. Rc2 Bd3 26. Rcd2 Nf5 27. Qf4 Bb5 28. Rb2 a6 29. Qc1 Ba4 30. Qxc5 Bxd1 31. Qxa3 Qxd5 32. Ng5 Qc4 33. Rd2 Bb3 34. Bd5+ Qxd5 35. Rxd5 Bxd5 36. Qd3 Ne7 37. Ne4 Kg7 38. f3 Rc8 39. Qa3 Nf5 40. Qxa6 Rc1+ 41. Kg2 Rc6 42. Qa7+ Kh6 43. g4 Nh4+ 44. Kg3 Nxf3 45. Qe3+ Ng5 46. h4 Bxe4 47. hxg5+ fxg5 48. Qxe4 Rf6 49. Qd5 Rf4 50. Qc5 Rf7 51. Qe5 Rf3+ 52. Kxf3 1/2-1/2

[Event "CZE-chT1E 1516"]
[Site "Czech Republic"]
[Date "2016.01.17"]
[Round "6.3"]
[White "Senkyr, Martin"]
[Black "Malik, Jan"]
[Result "1/2-1/2"]
[WhiteElo "2177"]
[BlackElo "2301"]
[PlyCount "24"]
[EventDate "2015.10.11"]
[EventType "team-tourn"]
[EventRounds "11"]
[EventCountry "CZE"]
[SourceTitle "CBM 170 Extra"]
[Source "ChessBase"]
[SourceDate "2016.02.25"]
[SourceVersion "1"]
[SourceVersionDate "2016.02.25"]
[SourceQuality "1"]
[WhiteTeam "Zlin"]
[BlackTeam "Ostrava"]
[WhiteTeamCountry "CZE"]
[BlackTeamCountry "CZE"]

1. e4 c5 2. Nf3 d6 3. c3 Nf6 4. Bd3 Bg4 5. h3 Bxf3 6. Qxf3 Nc6 7. Qe2 g6 8. Bc2 Bg7 9. 0-0 Rb8 10. a4 0-0 11. f4 a6 12. Na3 Nh5 1/2-1/2